|
|
|
|
| LEADER |
01681cas a2200241 a 4500 |
| 001 |
AALejournalIMF008359 |
| 008 |
230101c9999 xx r poo 0 0eng d |
| 020 |
|
|
|c 5.00 USD
|
| 020 |
|
|
|z 9781451835052
|
| 022 |
|
|
|a 1934-7685
|
| 040 |
|
|
|a BD-DhAAL
|c BD-DhAAL
|
| 110 |
2 |
|
|a International Monetary Fund.
|
| 245 |
1 |
0 |
|a Sao Tome and Principe :
|b Review of Performance Under a Staff-Monitored Program.
|
| 264 |
|
1 |
|a Washington, D.C. :
|b International Monetary Fund,
|c 2002.
|
| 300 |
|
|
|a 1 online resource (58 pages)
|
| 490 |
1 |
|
|a IMF Staff Country Reports
|
| 500 |
|
|
|a <strong>Off-Campus Access:</strong> No User ID or Password Required
|
| 500 |
|
|
|a <strong>On-Campus Access:</strong> No User ID or Password Required
|
| 506 |
|
|
|a Electronic access restricted to authorized BRAC University faculty, staff and students
|
| 520 |
3 |
|
|a This paper reviews performance of Sao Tome and Principe under the Staff-Monitored Program (SMP). Sao Tome and Principe's Poverty Reduction and Growth Facility-supported program went off track at end-2000 because of fiscal and structural slippages, which were compounded in 2001 by the emergence of oil-sector governance concerns. The authorities requested an SMP for the first half of 2002, but spending overruns reoccurred, and most of the SMP's benchmarks were missed. Program implementation during the first half of 2002 was disappointing, as the key quantitative benchmarks for end-June 2002 were not observed.
|
| 538 |
|
|
|a Mode of access: Internet
|
| 830 |
|
0 |
|a IMF Staff Country Reports; Country Report ;
|v No. 2002/270
|
| 856 |
4 |
0 |
|z Full text available on IMF
|u http://elibrary.imf.org/view/journals/002/2002/270/002.2002.issue-270-en.xml
|z IMF e-Library
|